000 00438nam a2200193Ia 4500
005 20240823034950.0
008 240823s9999||||xx |||||||||||||| ||und||
020 _a978-0-00-750249-3
041 _aENGLISH
082 _A823.91 Q2
100 _aIndigo Bloome
245 0 _aDestined to Play
250 _a1st
260 _c2012
_bHarper Collins Publi
500 _aYES
650 _aPlay
_bGeneral
942 _cBK
999 _c199556
_d199556